[Event "Voronezh op-B 23rd"]
[Site "Voronezh"]
[Date "2019.06.17"]
[Round "6"]
[White "Yudakov, Alexey"]
[Black "Agadjanian, Sergey"]
[Result "0-1"]
[WhiteElo "1654"]
[BlackElo "1919"]
[PlyCount "104"]
[EventDate "2019.06.12"]
[EventType "swiss"]
[EventRounds "9"]
[EventCountry "RUS"]
[SourceTitle "EXT 2020"]
[Source "ChessBase"]
[SourceDate "2019.10.17"]
[SourceVersion "1"]
[SourceVersionDate "2019.10.17"]
[SourceQuality "1"]

1. e4 c5 2. Nc3 Nc6 3. g3 g6 4. Bg2 Bg7 5. d3 d6 6. Be3 e5 7. Qd2 Nge7 8. Nge2 Nd4 9. 0-0 Nec6 10. a3 0-0 11. Rac1 Be6 12. Bh6 b5 13. Bxg7 Kxg7 14. f4 Rc8 15. f5 gxf5 16. exf5 Bxf5 17. Nxb5 Bg6 18. Nexd4 cxd4 19. a4 a6 20. Na3 d5 21. Rfe1 Qd6 22. Qe2 f6 23. h4 h6 24. Qf3 e4 25. dxe4 dxe4 26. Qf4 Qxf4 27. gxf4 f5 28. Nc4 Nb4 29. b3 d3 30. Red1 Nxc2 31. Rxc2 dxc2 32. Rc1 Rb8 33. Rxc2 Rxb3 34. Ne5 Rb7 35. Bf1 Rf6 36. Bc4 Rc7 37. Rg2 h5 38. Be2 Kh6 39. Kf2 Be8 40. Rg5 Rg7 41. Ke3 a5 42. Kd4 Rd6+ 43. Kc5 Rd2 44. Bb5 Bxb5 45. axb5 Rxg5 46. fxg5+ Kg7 47. Nc4 Rd8 48. Nd6 Rxd6 49. Kxd6 e3 50. b6 e2 51. b7 e1Q 52. b8Q Qg3+ 0-1